British Relations with the State of Tripura 1760-1947/ (Record no. 190261)

MARC details
000 -LEADER
fixed length control field 00589nam a22001817a 4500
005 - DATE AND TIME OF LATEST TRANSACTION
control field 20220721114947.0
010 ## - LCCN (DPL NO)
LC control number ENG-133781
020 ## - INTERNATIONAL STANDARD BOOK NUMBER
International Standard Book Number 9789380357003
Terms of availability 500.00
035 ## - SYSTEM CONTROL NUMBER
System control number EN-117313
037 ## - SOURCE OF ACQUISITION
Source of stock number/acquisition DBAD/PUB
082 ## - DEWEY DECIMAL CLASSIFICATION NUMBER
Classification number 954.56
100 ## - MAIN ENTRY--PERSONAL NAME
Personal name Sur, Hirendra Kumar
245 ## - TITLE STATEMENT
Title British Relations with the State of Tripura 1760-1947/
Statement of responsibility, etc Hirendra Kumar Sur
260 ## - PUBLICATION, DISTRIBUTION, ETC. (IMPRINT)
Place of publication, distribution, etc Tripura
Name of publisher, distributor, etc Naba Chandana Prakashani
Date of publication, distribution, etc 2010
270 ## - ADDRESS
Address Ramnagar Road No. 2 (West) P.O. Ramnagar Agartala
City Tripura
Postal code 799002
300 ## - PHYSICAL DESCRIPTION
Extent 192p.
Other physical details Index
Dimensions 22cm (hb)
942 ## - ADDED ENTRY ELEMENTS (KOHA)
Source of classification or shelving scheme Dewey Decimal Classification
Item type English Books
Classification part 954.56
Call number suffix SUR
Holdings
Withdrawn status Lost status Not for loan Collection code Home library Current library Date acquired Source of acquisition Cost, normal purchase price Full call number Barcode Copy number Cost, replacement price Koha item type
      Non-fiction Bawana Bawana 21/07/2022 DBAD/PUB 500.00 954.56 SUR EN-117313 1 500.00 English Books

© Delhi Public Library
Hit Counter
free hit counter